| 000 | 00358nam a22001217a 4500 | ||
|---|---|---|---|
| 999 |
_c3913 _d3913 |
||
| 005 | 20210423150409.0 | ||
| 008 | 210423b ||||| |||| 00| 0 eng d | ||
| 020 | _a9780603575709 | ||
| 040 | _cCML | ||
| 245 |
_aDo Not Wash this Bear _cHay Sam, East Nick |
||
| 260 |
_aGreat Britain _bEgmont _c2016 |
||
| 942 |
_2ddc _cBK _e1st Edition _h823.29 _mHAY |
||